| 000 | 00752nam a2200253 i 4500 | ||
|---|---|---|---|
| 001 | 59405 | ||
| 003 | ES-MaACL | ||
| 005 | 20250330062526.0 | ||
| 007 | t| | ||
| 008 | 031029s1985 sp |||| |bspa d | ||
| 020 | _a84-7178-962-0 | ||
| 100 | 1 |
_aElleinstein, Jean. _947020 |
|
| 245 | 1 | 0 |
_aMarx _b: su vida, su obra / _cJean Elleinstein ; [traducción, Francisco Lafarga]. |
| 250 | _a1ª ed. | ||
| 260 |
_aBarcelona : _bArgos Vergara, _c1985. |
||
| 300 |
_a527 p. ; _c22 cm. |
||
| 490 | 1 | _aColección en línea | |
| 504 | _aBibliografía: P. 495-527. | ||
| 600 | 1 | 4 |
_aMarx, Karl, _d1818-1883 _978590 |
| 700 | 1 |
_aLafarga, Francisco. _969462 |
|
| 830 | 0 |
_aColección en línea _9182554 |
|
| 852 |
_aES-MaACL _jL-8350 |
||
| 999 |
_c59405 _d59405 |
||